| Tag |
First Indicator |
Second Indicator |
Subfields |
| LEADER |
00000nam a22000001i 4500 |
| 001 |
in00005778748 |
| 003 |
OCoLC |
| 005 |
20260209094213.0 |
| 006 |
m |o d | |
| 007 |
cr |n||||||||| |
| 008 |
260209s2026 nyu ob 001 0 eng d |
| 024 |
8 |
|
|a 90104023242
|
| 035 |
|
|
|a (OCoLC)1564657563
|
| 040 |
|
|
|a NhCcYBP
|b eng
|e rda
|e pn
|c NhCcYBP
|
| 020 |
|
|
|a 9781040524565 (electronic bk.)
|
| 020 |
|
|
|a 1040524567 (electronic bk.)
|
| 020 |
|
|
|z 9781032820361
|
| 020 |
|
|
|z 1032820365
|
| 020 |
|
|
|z 9781032818115
|
| 020 |
|
|
|z 1032818115
|
| 043 |
|
|
|a n-us---
|0 http://id.loc.gov/vocabulary/geographicAreas/n-us
|
| 050 |
|
4 |
|a LB2343
|b .A74 2026
|
| 082 |
0 |
4 |
|a 378.197
|2 23
|
| 100 |
1 |
|
|a Ardoin, Sonja
|e author
|4 aut
|4 http://id.loc.gov/vocabulary/relators/aut
|0 http://id.loc.gov/authorities/names/n2013073586
|1 http://id.loc.gov/rwo/agents/n2013073586.
|
| 245 |
1 |
4 |
|a The strategic guide to shaping your student affairs career /
|c Sonja Ardoin.
|
| 250 |
|
|
|a Second edition.
|
| 264 |
|
1 |
|a New York, NY :
|b Routledge,
|c 2026.
|
| 300 |
|
|
|a 1 online resource (256 pages) :
|b illustrations (black and white.
|
| 336 |
|
|
|a text
|b txt
|2 rdacontent
|
| 337 |
|
|
|a computer
|b c
|2 rdamedia
|
| 338 |
|
|
|a online resource
|b cr
|2 rdacarrier
|
| 504 |
|
|
|a Includes bibliographical references and index.
|
| 505 |
0 |
|
|a Introduction to the field -- Professionals through the magnifying mirror -- Creating a student affairs career strategy -- Lifelong learning -- The job search and extending your experiences -- Networking and connecting -- Self-reflection and well-being -- Planning for professional development.
|
| 532 |
1 |
|
|3 Taylor & Francis
|a "We are committed to complying with the W3C's Web Content Accessibility Guidelines (WCAG) 2.2 AA Standard to ensure compliance with the following legislation and standards: European Accessibility Act (June 2025), Americans with Disabilities Act of 1990, US Government Section 508 Standards, EPUB Accessibility 1.1 (w3.org), EN 301 549 - European Union Accessibility requirements suitable for public procurement of ICT products and services in Europe (V3.2.1),The Public Sector Bodies (Websites and Mobile Applications) (No. 2) Accessibility Regulations 2018 (PSBAR)." Source: https://taylorandfrancis.com/about/corporate-responsibility/accessibility-at-taylor-francis/. Last accessed April 22, 2025.
|
| 588 |
|
|
|a Description based on print version record.
|
| 650 |
|
0 |
|a Student counselors
|x Vocational guidance
|z United States.
|
| 650 |
|
0 |
|a Student affairs services
|z United States.
|
| 650 |
|
6 |
|a Services des activités parascolaires
|0 (CaQQLa)201-0247423
|z États-Unis.
|0 (CaQQLa)201-0407727
|
| 650 |
|
7 |
|a Student affairs services
|2 fast
|0 (OCoLC)fst01135821
|
| 650 |
|
7 |
|a Student counselors
|x Vocational guidance
|2 fast
|0 (OCoLC)fst01135889
|
| 651 |
|
7 |
|a United States
|2 fast
|1 https://id.oclc.org/worldcat/entity/E39PBJtxgQXMWqmjMjjwXRHgrq
|0 (OCoLC)fst01204155
|
| 655 |
|
7 |
|a Electronic books.
|2 local
|
| 710 |
2 |
|
|a Taylor & Francis
|
| 776 |
1 |
8 |
|i Online version
|4 http://id.loc.gov/entities/relationships/onlineversion
|a Ardoin, Sonja
|t Strategic guide to shaping your student affairs career
|b Second edition
|d New York, NY : Routledge, 2026
|z 9781003502630
|w (DLC) 2025043417
|
| 776 |
1 |
8 |
|i ebook version :
|z 9781040656037
|
| 776 |
1 |
8 |
|c Original
|z 9781032820361
|z 1032820365
|z 9781032818115
|z 1032818115
|w (DLC) 2025043416
|w (OCoLC)1564133415
|
| 856 |
4 |
0 |
|u http://proxy.library.tamu.edu/login?url=https://www.taylorfrancis.com/books/9781003502630
|z Connect to the full text of this electronic book
|t 0
|
| 945 |
|
|
|b 698646
|
| 955 |
|
|
|a Course Affordability title
|
| 980 |
|
|
|b crawley
|c 90104023242
|g 565759
|k USD
|m 260.00
|n Krista Bailey,kristabailey@tamu.edu
|o Fall 2026 Textbook
|p EDAD;683;600;Bailey
|q 1
|s AcqMono Conventional
|t Purchase at vendor system
|u Vendor order reference number
|v ZYBP
|y CrawleyEbook
|z Electronic resource
|
| 999 |
f |
f |
|i 8ab383da-3106-496e-b578-1d0f64752f78
|s f217b466-684a-4830-a689-7cfd017da5a0
|t 0
|
| 952 |
f |
f |
|a Texas A&M University
|b College Station
|c Electronic Resources
|s www_evans
|d Available Online
|t 0
|e LB2343 .A74 2026
|h Library of Congress classification
|
| 998 |
f |
f |
|a LB2343 .A74 2026
|t 0
|l Available Online
|